000 00958cam a22002534a 4500
001 12243648
005 20180115040502.0
008 001129s2001 nyua b 001 0 eng
010 _a 00067750
020 _a1572306513 (hardcover)
020 _a1572306521 (pbk.)
040 _aDLC
_cDLC
_dDLC
041 _aeng
042 _apcc
080 _a612.82 JAM
082 0 0 _a612.82 JAM
_221
100 1 _a48
101 _aPSI
245 1 0 _aMinds, brains, and learning :
_cJames P. Byrnes.
504 _aIncludes bibliographical references (p. 195-207) and index.
906 _a7
_bcbc
_corignew
_d1
_eocip
_f20
_gy-gencatlg
942 _2ddc
_cBK
999 _c40231
_d40231